Instructions for the admeasurement of builder's work in accordance with the practice of the most eminent surveyors at the present time (Record no. 114904)

MARC details
000 -LEADER
fixed length control field 00587ctm a22001815a 4500
001 - CONTROL NUMBER
control field L157657
008 - FIXED-LENGTH DATA ELEMENTS--GENERAL INFORMATION
fixed length control field 130220s1860 xxk f 000 0 eng d
035 ## - SYSTEM CONTROL NUMBER
System control number (Sirsi) u157657
041 0# - LANGUAGE CODE
Language code of text/sound track or separate title eng
245 00 - TITLE STATEMENT
Title Instructions for the admeasurement of builder's work in accordance with the practice of the most eminent surveyors at the present time
Medium [manuscript]
260 ## - PUBLICATION, DISTRIBUTION, ETC.
Date of publication, distribution, etc. [c. 1860?]
300 ## - PHYSICAL DESCRIPTION
Extent 1 v.
Dimensions
520 ## - SUMMARY, ETC.
Summary, etc. Manuscript notebook.
583 ## - ACTION NOTE
Action Condition reviewed
Time/date of action 20120620
Status condition level 3
651 #4 - SUBJECT ADDED ENTRY--GEOGRAPHIC NAME
Geographic name Great Britain
Chronological subdivision 1707-
690 ## - LOCAL SUBJECT ADDED ENTRY--TOPICAL TERM (OCLC, RLIN)
Topical term or geographic name as entry element Measurement
9 (RLIN) 6256
942 ## - ADDED ENTRY ELEMENTS (KOHA)
Suppress in OPAC 0
Holdings
Withdrawn status Lost status Damaged status Not for loan Home library Current library Shelving location Date acquired Total Checkouts Full call number Barcode Date last seen Copy number Price effective from Koha item type
        Historic collection Historic collection Historic collection 20/02/2013   BUILDERS OCTAVO 1860 INSTRUCTIONS 30078138 20/08/2025 1 06/08/2019 Book